Mariana Pineda. Doña Rosita la soltera o el lenguaje de las flores / [por] Federico Garcia Lorca

में बचाया:
ग्रंथसूची विवरण
मुख्य लेखक: García Lorca, Federico (autor)
स्वरूप: पुस्तक
संस्करण:7a edición
श्रृंखला:(Austral ; 1467)
विषय:
टैग: टैग जोड़ें
कोई टैग नहीं, इस रिकॉर्ड को टैग करने वाले पहले व्यक्ति बनें!

MARC

LEADER 00000nam^a2200000^u^4500
001 000540329
005 20250521000000.0
008 060220s1000^^^^^^^^^^^^r^^^^^000^0^spa^d
009 20260310131202.173
035 |a FMI 000008256 
037 |a Acervo Xavier Clavigero 
096 |a 2.2/1467/B 
100 |a García Lorca, Federico  |e (autor) 
245 1 0 |a Mariana Pineda. Doña Rosita la soltera o el lenguaje de las flores / [por] Federico Garcia Lorca 
250 |a 7a edición 
264 |a México : Espasa-Calpe, 1984 
300 |a 230 p. 
336 |a texto  |b txt  |2 rdacontenido 
337 |a sin mediación  |b n  |2 rdamedio 
338 |a volumen  |b nc  |2 rdasoporte 
440 1 |a (Austral ;  |v 1467) 
649 |a XX 
650 |a Novela 
910 |a Fondo Francisco Migoya Covarrubias S.J. 
920 |a Impresos - Libros 
930 |a Fondos Especiales 
905 |a 134 
901 |a SBC07963  |b IT2  |c ESP  |u 20250521 
902 |a https://opac.biblio.iteso.mx/vufind/Record/000540329